Statistics for Official Country Names with "State" in the Name

Click here to take the quiz!

General Stats

  • This quiz has been taken 26 times
  • The average score is 6 of 11

Answer Stats

ContinentAnswer% Correct
North AmericaUnited States of America
100%
OceaniaFederated States of Micronesia
83%
North AmericaUnited Mexican States
67%
South AmericaPlurinational State of Bolivia
58%
OceaniaIndependent State of Samoa
54%
AsiaState of Israel
50%
OceaniaState of Papua New Guinea
42%
AfricaState of Libya
38%
AsiaState of Kuwait
33%
AsiaState of Qatar
33%
AfricaState of Eritrea
21%

Score Distribution

Percentile by Number Answered

Percent of People with Each Score

Your Score History

You have not taken this quiz